000 01143cam a2200313 i 4500
001 25400
003 Mx-PuUPA
005 20220331124356.0
008 140415s1956 sp fr 000 0 spa d
040 _aMx-PuUPA
_bspa
_cMx-PuUPA
_dMx-PuUPA
_erda
041 0 _aspa
110 1 _912350
_aAcademia Iberoamericana y Filipina de historia postal,
245 1 0 _aDiccionario geográfico postal de homónimos hispánicos /
_cAcademia Iberoamericana y Filipina de Historia Postal
264 1 _aMadrid :
_bImprenta Giménez,
_c1956
300 _a2627 páginas ;
_c25 cm.
336 _2rdacontent
_atexto
_btxt
337 _2rdamedia
_asin medio
_bn
338 _2rdacarrier
_avolumen
_bnc
505 _gt.1.
_tLetras A - P. --
_gt.2.
_tLetras Q - Z.
650 7 _aHomónimos hispánicos
_2armarc
650 7 _aToponimia de España
_2armarc
650 7 _aToponimia de América
_2armarc
651 4 _aEspaña
_xGeografía
_vDiccionarios
651 4 _aAmérica Latina
_xGeografía
_vDiccionarios
710 1 _aFilipina de Historia Postal
_eautor
942 _2ddc
_cLI
_h910.31
_iD545
999 _c25400
_d25400